000 00831nas a2200253 4500
001 BR7602139
003 BR-BrBNA
005 20231205082955.0
007 ta
008 230509b bl.|||p| |||| 00| 00por d
040 _aBR-BrBNA
_bpor
_cBiblioteca Nacional de Agricultura
041 _a(Pt)
072 _aH10
100 1 _aRodrigues, M.L.
100 1 _aSmith, J.G.
111 1 _a3. Congresso Brasileiro da Sociedade Entomologica do Brasil
_cMaceio, AL (Brazil)
_d1976
245 1 _aOcorrencia de Hemiptera em cultura de berinjela (Solanum melongena L.)
650 _aPraga de planta
650 _aBerinjela
650 _aHemiptero
773 0 _tAnais da Sociedade Entomologica do Brasil (Brazil)
_xISSN 0301-8059
_g(1976), v. 5(2) p. 147-151
_wBR7602139
909 _a202311
_bLúcia
_c55
_dLúcia Elande
942 _2AGRIS
_n0
_cANA
999 _c95478
_d95478